00636cam a22001931 4500001001300000003000400013005001700017008004100034010001700075035002000092040001800112042001200130050002200142100003000164245017200194260004100366300001800407999001700425sa 65001671 DLC20260227112110.0890913s1963 io 000 0 ind  asa 65001671  a(OCoLC)23536701 aDLCcMiUdDLC apremarc00aDS644.2.1963b.A71 aAidit, D. N.,d1923-1965.10aHajo, ringkus dan ganjang kontra revolusi.bPidato ulangtahun ke 13 PKI, diutjapkan di Istana Olah Raga "Gelora Bung Karno" pada tanggal 26 Mei 1963, oleh D. N. Aidit. aDjakarta,bJajasan Pembaruan,c1963. a31 p.c21 cm. c62152d62152